| 000 | 00775nam a22002417a 4500 | ||
|---|---|---|---|
| 005 | 19970904051429.3 | ||
| 008 | 970904m19271929ii |a 001 1aeng | ||
| 010 | _aENG-95779 | ||
| 020 |
_a9788128821127 _c195.00 |
||
| 035 | _aEN-79312 | ||
| 037 | _bDBAD/PUB | ||
| 040 | _aDPL | ||
| 082 | _aN | ||
| 100 | _aKohli, Raj Kumar | ||
| 245 |
_aTriplen / _c by Raj Kumar Kohli |
||
| 260 |
_aNew Delhi _bDimond Pocket Books (p) Ltd. _c2009 |
||
| 270 |
_aX- 30, Okhla Industrial Area, Phase-II _bNew Delhi _e110020 |
||
| 300 |
_a527p. ; _c22 cm.(Pbk) |
||
| 500 | _a | ||
| 942 |
_2ddc _cEN _mKOH _hN |
||
| 999 |
_c33528 _d33528 |
||